000
00422nam a22001217a 4500
040
_c
HS
082
_a
570
100
_a
អ៊ូ ណារីយ៉ា
245
_a
Biology of parasites ;បរាសិតសាស្ត្រ
260
_a
វិទ្យាស្ថានបច្ចេកទេសកសិកម្មចំការដូង
_b
អ៊ូ ណារីយ៉ា
_c
1993
300
_a
45p;
942
_c
KB
999
_c
9257
_d
9257